000 00391nam a2200145Ia 4500
008 210716s1994 xx 000 0 und d
041 _aeng
082 _a005.13311 GURN
100 _aGurewich, Nathan;Gurewich, Ori.
245 _aMastering c++: from c to c++ in 2 weeks.
250 _a1
260 _aNew Delhi
_bBPB Publications
_c1994
300 _axxiii,503
650 _aC++ Progamming
999 _c183721
_d183721